| 000 | 00731cam a2200229 a 4500 | ||
|---|---|---|---|
| 001 | 000004400 | ||
| 005 | 20200929151433.0 | ||
| 008 | 951227s1996 sp 000 f spa | ||
| 020 | _a8425329965 | ||
| 040 |
_aDO-SdBNP _cDLC _dDLC _dOCoLC _dDLC |
||
| 041 | 1 | 7 |
_aspa _heng _2Código de idioma MARC |
| 082 |
_a823.914 _bW873p |
||
| 100 | 1 |
_aWood, Barbara, _d1947- _911094 |
|
| 245 | 1 | 3 |
_aLa profetisa / _cBarbara Wood ; traducción, Manuel Bartolomé. |
| 260 |
_aBarcelona : _bGijalbo, _c1996. |
||
| 300 |
_a408 p. ; _c23 cm. |
||
| 534 | _aTítulo original: The prophetess | ||
| 650 | 4 |
_aNovela inglesa _91071 |
|
| 650 | 4 |
_aLiteratura inglesa _9498 |
|
| 700 | 1 |
_aBartolomé, Manuel, _etr. _912948 |
|
| 910 | _aCatalogación por copia /LC | ||
| 999 |
_c4209 _d4209 |
||